Normal view MARC view

Entry Personal Name

Number of records used in: 1

001 - CONTROL NUMBER

  • control field: 1237012

003 - CONTROL NUMBER IDENTIFIER

  • control field: OSt

005 - DATE AND TIME OF LATEST TRANSACTION

  • control field: 20260430150257.0

008 - FIXED-LENGTH DATA ELEMENTS

  • fixed length control field: 260430|| aca||aabn | a|a d

040 ## - CATALOGING SOURCE

  • Original cataloging agency: OSt
  • Transcribing agency: OSt

100 ## - HEADING--PERSONAL NAME

  • Personal name: Thakur Anumeha Au.; Raman A. Venkat Gu

670 ## - SOURCE DATA FOUND

  • Source citation: Work cat.: (OSt)1849400: Thakur Anumeha Au.; Raman A. Venkat Gu., Organisational Values, Employee Diversity and its Influence on HR Strategies and Organisational Citizenship Behaviour in Diversified Business Organisations in India, 2023
Copyright @ Delhi University Library System